000 00525nam a2200181Ia 4500
005 20250326141850.0
008 250326s9999 xx 000 0 und d
037 _aTextbook
040 _aFMSL
_beng
_cFMSL
041 _aeng
_2eng
084 _aX:513 M4
_qFMSL
100 _aDriver J C
_9745190
245 0 _aAdvertising policy and practice
_cDriver J C; Foxaller G R
260 _aLondon
_bLondon, Halt, Rinchart and Winston,
_c1984
300 _a175p
942 _cTB
_hX:513 M4
999 _c1292347
_d1292347